000 01056nam0a2200301 4500
001 RU\NLR\BIBL_A\022676444
005 20251216121556.0
010 _a978-5-6052619-5-7
_960
021 _aRU
_bКН-П-25-036024
_9КН-П-25-3543
035 _a(NLR Aleph) 022676444
090 _a13505192
_c13505192
100 _a20251202d2025 m y0rusy50 ca
101 0 _atat
102 _aRU
105 _ac z 000 y
181 0 _ai
_baxxe
182 0 _an
200 1 _aУрман кызы
_eшигырьләр
_fГөлсылу Газизова
203 _aТекст
_bвизуальный
_cнепосредственный
210 _aКазан
_cАк Бүре
_d2025
215 _a159 б.
_cпортр.
_d17
541 1 _6z01790
_aЛесная девушка
_e[стихи].
_zrus
686 1 _aШ6(2=Тат)7-5
700 1 _aГазизова
_bГ. Г. кызы
_f1960-
_gГөлсылу Габдрәүф кызы
_4070
790 1 _6z01541
_aГазизова
_bГ. Г.
_gГульсылу Габдрауфовна
_4070
942 _cBOOK
980 _aNB